Sur les délais de la justice divine, dans la punition des coupables / (Record no. 162304)
[ view plain ]
| 000 -LEADER | |
|---|---|
| campo de control de longitud fija | 00866nam a22002055i 4500 |
| 001 - NÚMERO DE CONTROL | |
| campo de control | 162304 |
| 003 - IDENTIFICADOR DE NÚMERO DE CONTROL | |
| campo de control | ES-MaACL |
| 005 - FECHA Y HORA DE LA ÚLTIMA TRANSACCIÓN | |
| campo de control | 20250725063224.0 |
| 008 - DATOS DE LONGITUD FIJA--INFORMACIÓN GENERAL | |
| campo de control de longitud fija | 041117s1859 fr |||| | fre d |
| 040 ## - FUENTE DE CATALOGACIÓN | |
| Centro catalogador/agencia de origen | CAM |
| Lengua de catalogación | spa |
| Centro/agencia transcriptor | CAM |
| 080 ## - NÚMERO DE LA CLASIFICACIÓN DECIMAL UNIVERSAL | |
| Número de la Clasificación Decimal Universal | 821.124-96"00" |
| 100 0# - ENTRADA PRINCIPAL--NOMBRE DE PERSONA | |
| Nombre de persona | Plutarco |
| 9 (RLIN) | 92678 |
| 245 10 - MENCIÓN DEL TÍTULO | |
| Título | Sur les délais de la justice divine, dans la punition des coupables / |
| Mención de responsabilidad, etc. | ouvrage de Plutarque, nouvellement traduit avec des additions et des notes, par le comte Joseph de Maistre, suivi de la traduction du mème traité par Amyot sur ce titre: pourquoi la justice divine diffère la punition des maléfices?. |
| 260 ## - PUBLICACIÓN, DISTRIBUCIÓN, ETC. | |
| Lugar de publicación, distribución, etc. | Lyon ; |
| -- | Paris : |
| Nombre del editor, distribuidor, etc. | J. B. Pelagaud et Cie., |
| Fecha de publicación, distribución, etc. | 1859. |
| 300 ## - DESCRIPCIÓN FÍSICA | |
| Extensión | XVI, 202 p. ; |
| Dimensiones | 21 cm. |
| 700 0# - ENTRADA AGREGADA--NOMBRE PERSONAL | |
| Nombre de persona | Maistre, Joseph de. |
| 9 (RLIN) | 75626 |
| 700 1# - ENTRADA AGREGADA--NOMBRE PERSONAL | |
| Nombre de persona | Amyot, Jacques. |
| 9 (RLIN) | 125662 |
| 852 ## - LOCALIZACIÓN | |
| Ubicación | ES-MaACL |
| Número de control de estantería | G-8344(1) |
| Estatus retirado | Estado de pérdida | Estado de daño | No para préstamo | Colección | Biblioteca de origen | Biblioteca actual | Ubicación en estantería | Fecha de adquisición | Total de préstamos | Signatura topográfica completa | Código de barras | Visto por última vez | Precio de reemplazo | Tipo de ítem Koha |
|---|---|---|---|---|---|---|---|---|---|---|---|---|---|---|
| Libros del s. XIX | Biblioteca del Ateneo de Madrid | Biblioteca del Ateneo de Madrid | Sala Pecera Planta 3 | 17/01/2008 | G-8344(1) | 1170037 | 23/02/2023 | 23/02/2023 | Libro impreso antiguo |
